00638cam a2200229 a 4500001000800000005001700008008004100025010001700066020003200083020003900115040001800154041000800172042000900180043001200189080002000201082002400221100000700245101000800252245005400260246003000314504006400344157975820180214050859.0930723s1994 nyua j b 001 0 eng  a 93030664  a0195080637 (acidfree paper) a0195088301 (ser. : acidfree paper) aDLCcDLCdDLC aeng alcac an-us--- a305.40973 sar00a305.40973 sar2201 a16 ahis10aFrom ballots to breadlines :cSarah Jane Deutsch.30aAmerican women, 1920-1940 aIncludes bibliographical references (p. 138-139) and index.